000 01173nam a2200349Ia 4500
001 dia_2561
003 CHAP
005 20230516131642.0
008 220117s1997 xx 000 0 und d
010 _a173079
020 _a968-880-844-X
040 _cCHAP
082 _a658.8 M35 1997
100 _aMalhotra, Naresh K.
_9153139
245 _aInvestigación de mercados : un enfoque práctico /
_c Naresh K. Malhotra ; traducción Verania de Parres Cárdenas
250 _a2a ed.
260 _aMéxico :
_b Prentice-Hall Hispanoamericana,
_c1997
300 _axxxv, 890 p.
500 _aTítulo original: Marketing research: an applied orientation.
503 _aI. 203165
504 _aIncluye bibliografías.
590 _aHF5415.2 M35 1997
650 _aInvestigación de mercado
_9149902
650 _aMarketing research
_9153140
650 _aMarketing research
_xMethodology
_9153141
650 _aMercadotecnia
_xAdministración
_9148135
700 _aParres Cárdenas, Verania de, tr.
_9153142
901 _a658.8 M35 1997
902 _aM
905 _a5232271997 mx aimn8222223322spa16
942 _cLIBRO
_2ddc
999 _c173079
_d173079